000 00760nam a22002057a 4500
999 _c11183
_d11183
003 AR-CdUCM
008 190403b ||||| |||| 00| 0 spa d
040 _aMUNICIPALIDAD PROVINCIAL DEL CUSCO
_cBIBLIOTECA MUNICIPAL DEL CUSCO
082 _a347.582 /
_bC29 / 1941
100 _aCastro Nevares, José María
_928410
245 _aManual de sociedades anónimas :
_blegislación y jurisprudencia /
260 _aBuenos Aires :
_bBernabé y Cía,
_c1941.
300 _a598 páginas ;
_c24 cm.
505 _aContenido: Legislación -- Código civil -- Código de comercio -- Código penal -- Jurisprudencia ...
650 _aSociedades anónimas
_95290
650 _aLegislación
_92962
650 _aJurisprudencia
_9927
942 _2ddc
_cLIBROS
945 _aacv